000 00280nam a22001337a 4500
008 181210b xxu||||| |||| 00| 0 eng d
020 _a9781556591778
041 _aeng
080 _a821
100 _a24
101 _aGJU
245 _atHE gAGED oWL
_coRR.g
942 _2udc
_cBK
999 _c53120
_d53120